[Event "RUS-Cup02"]
[Site "Moscow"]
[Date "1998.01.26"]
[Round "6"]
[White "Sakaev, Konstantin"]
[Black "Vaulin, Alexander"]
[Result "1/2-1/2"]
[WhiteElo "2620"]
[BlackElo "2535"]
[Annotator "Huzman,A"]
[PlyCount "51"]
[EventDate "1998.01.21"]
[EventType "swiss"]
[EventRounds "9"]
[EventCountry "RUS"]
[SourceTitle "CBM 063"]
[Source "ChessBase"]
[SourceDate "1998.03.26"]
[SourceVersion "1"]
[SourceVersionDate "1998.03.26"]
[SourceQuality "1"]

1. d4 d5 2. c4 dxc4 3. e4 c5 4. d5 e6 5. Bxc4 Nf6 6. Nc3 exd5 7. Nxd5 Nxd5 8.
Bxd5 Be7 9. Ne2 O-O (9... Na6 10. O-O Nc7 11. Nc3 O-O 12. Bf4 Ne6 13. Be3 Rb8
14. a4 a6 15. a5 b5 16. axb6 Qxb6 17. b4 Qc7 18. bxc5 Bxc5 19. Qd2 $14 {
1-0 Hertneck,G-Kallai,G/EUCup Gr2 1994 (47)}) (9... Nd7 10. O-O Nb6 11. Nc3 O-O
12. Bf4 Nxd5 13. Nxd5 Bd6 14. e5 Bc7 15. Rc1 (15. e6 Bxf4 16. e7 Bxh2+ 17. Kh1
Qd6 18. exf8=Q+ Kxf8 19. g3 Qh6 20. Qc1 Qc6 21. Qg5 Be6 22. Rad1 h6 23. Qe5 Rd8
24. Kxh2 Rxd5 25. Rxd5 Qxd5 26. Qb8+ Ke7 27. Qxa7 Kf6 $44) 15... b6 16. Qf3 Be6
17. Rfd1 Bxd5 {1/2-1/2 Rausis,I-Lev,R/EUCup G2 1997}) 10. O-O (10. Be3 Qb6 11.
O-O Nc6 12. Qd2 Be6 13. Nf4 Ne5 14. b4 Qxb4 15. Qxb4 cxb4 16. Nxe6 fxe6 17.
Bxe6+ Kh8 18. f4 $16 {1-0 Granda Zuniga,J-Gendler,B/Erevan olm 1996 (35)})
10... Qb6 (10... Nd7 11. Bb3 (11. Nc3 Nb6 12. Bf4 Qd7 (12... Bg5 13. Bd6 Be7
14. Bf4 (14. e5 $1 $16) 14... Bg5 15. Bxg5 Qxg5 16. f4 Qe7 17. e5 Be6 18. Be4
f5 $11 {1/2-1/2 Razuvaev,Y-Psakhis,L/Rostov 1993 (22)}) (12... Kh8 13. Qh5 Nxd5
14. Nxd5 Bd6 15. e5 Bb8 16. Rad1 Qe8 17. Qh4 Qe6 18. Rfe1 Re8 19. h3 Bd7 $11 {
0-1 Comas Fabrego,L-Cifuentes Parada,R/Platja d'Aro Barcino 1994 (25)}) (12...
Bf6 13. e5 $5 Be7 14. Be4 $1 Qxd1 15. Rfxd1 $16 {1-0 Khalifman,A-Vulfson,V/St.
Petersburg op 1995 (31)}) 13. Rc1 Bf6 14. e5 Bd8 15. Be4 Qxd1 16. Rfxd1 $16 {
1-0 Hort,V-Kamber,B/Bern op 1993 (23)}) 11... Nb6 12. Be3 c4 13. Qxd8 Bxd8 14.
Bc2 Bf6 15. Rab1 Bd7 16. Nc3 Bc6 $14 {/= 0-1 Ruf,M-Vandevoort,P/Paris-ch 1990 
(40)}) (10... Na6 11. Bf4 (11. Nc3 Qb6 (11... Nc7 12. Qe2 (12. Bf4 Nxd5 13.
Nxd5 Bd6 14. e5 Bb8 15. Qf3 Bg4 16. Qe4 Re8 17. Rac1 b6 $4 (17... Bf5 $5 $11)
18. Ne3 $18 {1-0 Gofshtein,L-Afek,Y/Czerniak mem 1996 (35)}) 12... Nxd5 13.
Nxd5 Be6 14. Rd1 Bxd5 15. Rxd5 Qb6 16. Bf4 Rad8 17. Rad1 Rxd5 18. exd5 Bd6 $11
{1/2-1/2 Vasilchenko,O-Dokuchaev,A/RUS-chT 1994 (22)}) 12. Bf4 Nc7 13. Bb3 Be6
14. Bxe6 fxe6 15. Qg4 Ne8 16. Rad1 Nf6 17. Qe2 Rad8 18. Be3 Qc6 19. f3 {
1/2-1/2 Horvath,J-Gyimesi,Z/HUN-ch 1996}) 11... Qb6 (11... Nc7 12. Bc4 Be6 13.
Qxd8 Bxd8 14. Rac1 Bxc4 15. Rxc4 Ne6 16. Bd6 Re8 17. Nc3 Be7 18. Bxe7 Rxe7 $11
{Arkell,K-Hartman,C/Isle of Man op 1995/1/2-1/2 (127)}) 12. Qd2 Be6 13. Nc3 Nb4
14. a3 Nxd5 15. exd5 Bd7 16. d6 Bf6 17. Nd5 Qxb2 18. Qxb2 Bxb2 19. Rab1 Bxa3
20. Rxb7 Rfd8 21. Ra1 Bb4 $11 {1/2-1/2 Davies,N-Lev,R/Tel Aviv ASA 1994 (35)})
11. Nf4 (11. Rb1 Nd7 12. Be3 Nf6 13. b4 Nxd5 14. exd5 Qc7 15. bxc5 Bxc5 16. Rc1
b6 17. Bxc5 bxc5 $14 {Reefschlaeger,H-Heinbuch,D/BL8788 1988/1-0 (50)}) (11.
Be3 Nc6 (11... Bg4 12. Qd2 Nc6 13. f3 Be6 14. Nf4 Nb4 15. Bxe6 fxe6 16. a3 Na6
17. Rad1 Bf6 18. b4 $14 {Solozhenkin,E-Kallai,G/FRA-chT 1996/1-0 (48)}) 12. Rb1
Nb4 13. Nc3 Be6 14. Na4 Qc7 15. Bxe6 fxe6 16. a3 Na6 17. Qg4 Qe5 18. Nc3 Nc7
19. f4 Qf6 20. f5 Rad8 21. Rbd1 $36 {1-0 Lev,R-Afek,Y/Herzliya 1993 (39)})
11... Nc6 12. Bc4 Qd8 (12... Ne5 13. Nd5 Qd8 14. Bb3 Bg4 15. f3 Be6 16. Bf4 Bf6
17. Qd2 Rc8 18. Rad1 c4 19. Nxf6+ gxf6 20. Bc2 $14 {Granda Zuniga,J-Garcia
Palermo,C/Manila olm 1992/1/2-1/2 (50)}) 13. Nd5 Bd6 14. f4 Re8 15. Qd3 (15. e5
Bf8 {[%csl Rd5]} 16. Qh5 $140 $2 Be6 17. Rd1 Nd4) 15... Be6 16. Be3 a6 17. a4
Nb4 $8 18. Nxb4 Bxc4 19. Qxc4 cxb4 $14 {[%cal Ya8c8,Yd6c5]} 20. e5 (20. Rad1
Qe7 21. e5 Rac8 22. Qd5 Bc5 23. Bxc5 Qxc5+ (23... Rxc5 $5 24. Qd7 $14 {/=}) 24.
Qxc5 Rxc5 25. Rd7 b6 26. Rfd1 Rc2 27. b3 g5 28. g3 gxf4 29. gxf4 Re6 $132) (20.
Rac1 $5 Rc8 21. Qxc8 (21. Qd5 Bf8 22. Rxc8 Qxc8 23. Rc1 $14) 21... Qxc8 22.
Rxc8 Rxc8 23. Rd1 $14) 20... Rc8 21. Qe4 Qe7 $1 22. Rad1 (22. Rac1 Bc5 23. Rfd1
b6 $14 {/=}) 22... Bc5 23. Rd5 Bxe3+ 24. Qxe3 Rc2 25. Qd4 g6 26. h3 1/2-1/2

[Event "Excelsior Cup"]
[Site "Gothenburg"]
[Date "1998.01.12"]
[Round "6"]
[White "Ziegler, Ari"]
[Black "Brynell, Stellan"]
[Result "0-1"]
[WhiteElo "2425"]
[BlackElo "2475"]
[Annotator "Huzman,A"]
[PlyCount "70"]
[EventDate "1998.01.07"]
[EventType "tourn"]
[EventRounds "9"]
[EventCountry "SWE"]
[EventCategory "9"]
[SourceTitle "CBM 063"]
[Source "ChessBase"]
[SourceDate "1998.03.26"]
[SourceVersion "1"]
[SourceVersionDate "1998.03.26"]
[SourceQuality "1"]

1. d4 {Ftacnik Ftacnik} d5 2. c4 dxc4 3. e4 Nf6 4. e5 Nd5 5. Bxc4 Nb6 6. Bd3
Nc6 7. Be3 Nb4 8. Be4 f5 9. exf6 exf6 10. a3 (10. Nc3 f5 11. Bb1 (11. Bf3 N4d5
12. Bd2 Be6 13. Nge2 Qd7 14. O-O O-O-O 15. Re1 Rg8 16. Bg5 Re8 17. Nf4 Nxf4 18.
Bxf4 g5 19. Be5 $14 {Karpov,A-Short,N/Linares csf1 1992/1/2-1/2 (94)}) 11...
N4d5 12. Nf3 Be7 {1/2-1/2 Hebden,M-Drasko,M/Vrnjacka Banja 1991} (12... Bd6 13.
Bg5 Qd7 14. Qe2+ Qe6 15. Ne5 O-O 16. O-O Nxc3 $1 17. bxc3 Bxe5 18. dxe5 Qc6 19.
Bd3 Be6 $11 {Timman,J-Salov,V/FIDE-cm3 1994/0-1 (69)}) (12... Bb4 13. Bd2 Be7
14. O-O O-O 15. Re1 Bf6 16. a3 {[%cal Yb1a2]} Kh8 17. Ba2 f4 18. Ne5 $14 {
1-0 Huebner,R-Sulskis,S/EU-chTM 1997 (59)})) 10... f5 (10... N4d5 $6 11. Qh5+
$1 $16) 11. axb4 Bxb4+ 12. Nc3 fxe4 13. Qh5+ Kf8 14. Nge2 Be6 (14... Nd5 15.
O-O Nf6 16. Qh4 Bg4 17. Ng3 Be7 18. Ngxe4 Bf5 19. Qf4 Bxe4 20. Nxe4 $16 {
[%csl Rf8] 1-0 Tregubov,P-Zvjaginsev,V/RUS-ch 1992 (25)}) (14... Qe8 15. Qh4
Kg8 $1 (15... Bf5 16. O-O Bxc3 $2 17. Nxc3 Nc4 18. Qf4 Nd6 19. Ra5 $16 {
Tregubov-Stajcic/Harkany op/1992/}) 16. O-O Bf5 (16... h6 17. Ng3 c6 18. Ngxe4
Bf5 19. Nc5 Qf7 20. N3e4 Qg6 21. Ng3 Bxc5 22. dxc5 Nd5 23. Bd4 Kh7 $11 {
1-0 Pereyra Arcija,D-Ibraev,N/WchJM U20 1997 (47)}) 17. Ng3 Bg6 18. Ngxe4 h6
19. Nc5 $6 (19. d5 Bxe4 20. Nxe4 Nxd5 21. Bc5 Bxc5 22. Nxc5 b6 23. Qd4 (23. Nd3
Kh7 24. Qc4 Rd8 25. Rfe1 Qg6 26. Ne5 Qf5 27. g4 Qf6 28. Rad1 Rhf8 29. f3 Nf4
30. Qc2+ {1/2-1/2 Antonsen,M-Hansen,L/Politiken Cup 1996}) 23... Qf7 24. Nd3 c5
25. Qe4 Re8 26. Ne5 Qe6 27. Rae1 h5 28. Qb1 $36 {[%cal Ge5g6] 1-0 Tregubov,
P-Nikitin,A/Chigorin mem 1995 (42)}) 19... Qf7 20. Nxb7 Kh7 21. Nc5 Rhe8 22.
Rad1 $6 Bxc3 23. bxc3 a5 $1 $44 {0-1 Greenfeld,A-Adams,M/Moscow olm 1994 (32)})
15. O-O Qe8 $146 (15... Kg8 16. Nxe4 Qe8 17. Qxe8+ Rxe8 18. Rfc1 Bc4 19. N2g3
Bd5 20. Bd2 $1 Bxd2 21. Nxd2 Bc6 22. Rxa7 Kf7 23. Nf3 $1 $16 {1-0 Dreev,
A-Svidler,P/RUS-ch m1-2 1997 (34)}) 16. Qh4 (16. Qxe8+ Kxe8 $15 {[%cal Ye6c4,
Yc4f1]}) 16... Bc4 17. f3 $6 (17. Rfc1 $142 Bd3 18. Ng3 $44) 17... Bxc3 18.
fxe4+ Kg8 19. Nxc3 Bxf1 20. Rxf1 Qd7 21. d5 h6 {[%cal Yg8h7]} 22. Ne2 Rf8 $2 (
22... Re8 $5 $17) (22... Kh7 23. Nd4 Nc4 24. Bc1 Rhf8 $17) 23. Rxf8+ Kxf8 24.
Nd4 $44 {[%cal Gd4e6,Ge3d4,Ge6g7,Gd4g7]} Kg8 {[%cal Yg8h7]} 25. Ne6 c6 (25...
Kh7 26. Qf4 $44 {[%cal Gf4f5,Ge6f8]}) 26. Bd4 (26. Nc5 Qf7 27. d6 Kh7 28. e5
Qf5 {[%cal Yf5b1]} 29. e6 Qb1+ 30. Kf2 Rf8+ 31. Ke2 Qf1+ 32. Kd2 Nc4+ $19)
26... cxd5 (26... Rh7 27. Qf4 Qe8 28. Qd6 $44 {[%csl Rh7]}) 27. Nxg7 dxe4 28.
Qxe4 (28. Ne6 $5 Qxe6 (28... Rh7 $2 29. Qg4+ Kf7 30. Qf5+ $18) 29. Qg3+ Kf7 30.
Qg7+ (30. Bxh8 e3 $17) 30... Ke8 31. Qxh8+ Kd7 $15) (28. Nf5 $5 Qxf5 29. Qg3+
Kf7 30. Bxh8 Qc5+ 31. Kf1 Qc1+ 32. Ke2 Qc2+ 33. Ke1 $132) 28... Qd5 29. Qg4 Qg5
30. Qe4 (30. Qe6+ Kh7 31. Qe4+ Qg6 32. Nf5 Rf8 33. g4 $44) 30... Qd5 31. Qf4 $1
(31. Qg4 $11) 31... Qg5 $2 (31... Nd7 32. Nf5 Rh7 33. Qg4+ Kf7 34. Qh5+ Kf8 35.
Be3 Qa2 (35... Qf7 36. Bxh6+ $13)) 32. Qb8+ Kh7 33. Qc7 $4 (33. Qxh8+ $1 Kxh8
34. Ne6+ Kg8 35. Nxg5 hxg5 36. Bxb6 axb6 37. Kf2 $18) 33... Rc8 $19 34. Qf7
Rc1+ 35. Kf2 Rc2+ 0-1

[Event "RUS-Cup final"]
[Site "Ekaterinburg"]
[Date "1999.??.??"]
[Round "7"]
[White "Shcherbakov, Ruslan"]
[Black "Kharlov, Andrei"]
[Result "0-1"]
[WhiteElo "2559"]
[BlackElo "2600"]
[Annotator "Huzman,A"]
[PlyCount "106"]
[EventDate "1999.08.28"]
[EventType "tourn"]
[EventRounds "11"]
[EventCountry "RUS"]
[EventCategory "11"]
[SourceTitle "CBM 075"]
[Source "ChessBase"]
[SourceDate "2000.04.05"]
[SourceVersion "1"]
[SourceVersionDate "2000.04.05"]
[SourceQuality "1"]

1. d4 d5 2. c4 dxc4 3. e4 Nf6 4. e5 Nd5 5. Bxc4 Nb6 6. Bb3 Bf5 7. e6 $6 {
contrary to Volkov-Harlov game,here this idea is not dangerous,as Black are in
time to develop their pieces.} Bxe6 (7... fxe6 $5 8. Nc3 Nc6 9. Nf3 Bg4 $13) 8.
Bxe6 fxe6 9. Nc3 (9. Qh5+ g6 10. Qe5 Rg8 11. Qxe6 Qd5 $15) 9... Nc6 10. Nf3 g6
$1 $17 {[%csl Rd4]} 11. Qe2 $6 (11. Be3 Bg7 12. Qb3 Qd7 $5 (12... Nxd4 13. Bxd4
Bxd4 14. O-O-O e5 (14... c5 15. Qxe6 $44) 15. Nxe5 $44) (12... Qd6 13. Ng5 (13.
Nb5 Qd7 $17) 13... Nxd4 14. Bxd4 Bxd4 15. Nxe6 $44) 13. Ne4 Qd5 $17) 11... Bg7
12. O-O (12. Qxe6 Nxd4 13. Nxd4 Qxd4 14. Bg5 Qe5+ $17) 12... Nxd4 13. Nxd4 Qxd4
14. Qxe6 (14. Nb5 Qd7 15. Rd1 Nd5 $19) 14... Qc4 $1 15. Qh3 Rd8 16. Qf3 Nd5 (
16... c6 17. Re1 Rf8 18. Qh3 $132 {[%csl Re8]}) 17. Nxd5 Qxd5 18. Qe2 (18. Qa3
a6 19. Bf4 (19. Be3 Qb5 20. Rab1 Rd3 $19) 19... c6 20. Rfe1 O-O $19) 18... O-O
$1 {[%mdl 64]} (18... Qd3 19. Qg4 O-O 20. Bg5 $132) 19. Be3 (19. Qxe7 Qc4 $1
$17 {/\20...Rfe8 21.Qg5 Qf1!22.Kf1 Rd1} 20. Re1 Bf6 21. Qa3 Rd3 22. b3 (22. Qa5
Bd4 23. Be3 Rf5 $19) 22... Qf7 23. Bb2 Bh4 $19) 19... b6 20. Rac1 c5 21. b3 Rd7
(21... Qd3 22. Qg4 Qf5 23. Qc4+ $132) 22. Rfd1 Bd4 23. Bxd4 cxd4 24. Rd3 e5 25.
f3 $17 {/=/+} Re8 26. Re1 Rc7 27. Qe4 Qxe4 28. Rxe4 Rc1+ 29. Kf2 Rc2+ 30. Kg3
$132 Kf7 31. f4 Kf6 32. fxe5+ Rxe5 33. Rdxd4 (33. Rexd4 Rxa2 (33... Rg5+ 34.
Kf3 Rgxg2 35. Rf4+ Kg5 36. Rd5+ Kh6 37. Rh4+ Kg7 38. Rd7+ Kf6 39. Rhxh7 $132)
34. Rd6+ Kg5 35. Rd7 Ree2 $17) 33... Rg5+ $2 (33... Rxe4 34. Rxe4 Rxa2 $17) 34.
Rg4 $2 ({White could put up a stubborn resistiance.} 34. Kf3 $1 Rgxg2 35. Rd6+
Kg5 36. Rd5+ Kh6 37. Rh4+ Kg7 38. Rd7+ Kf6 39. Rhxh7 $132) 34... Rxg4+ 35. Rxg4
Rxa2 $17 36. Rf4+ Ke6 37. Re4+ Kd6 38. Re3 a5 39. h4 b5 40. Kf3 Ra3 41. Rd3+
Kc6 42. Ke2 a4 43. bxa4 Rxa4 $19 44. g3 Kc5 45. Rd7 h5 46. Rc7+ Kb6 47. Rf7 Rc4
48. Kd3 Rc6 49. g4 hxg4 50. Rf4 Ka5 51. Rxg4 b4 52. Kd4 b3 53. Kd5 Rb6 0-1

[Event "Clarin GP final"]
[Site "Villa Gesell"]
[Date "1998.03.14"]
[Round "8"]
[White "Sorin, Ariel"]
[Black "Slipak, Sergio"]
[Result "1/2-1/2"]
[WhiteElo "2460"]
[BlackElo "2510"]
[Annotator "Huzman,A"]
[PlyCount "65"]
[EventDate "1998.03.07"]
[EventType "tourn"]
[EventRounds "11"]
[EventCountry "ARG"]
[EventCategory "10"]
[SourceTitle "CBM 064"]
[Source "ChessBase"]
[SourceDate "1998.06.02"]
[SourceVersion "1"]
[SourceVersionDate "1998.06.02"]
[SourceQuality "1"]

1. d4 d5 2. c4 dxc4 3. e4 Nc6 4. Nf3 Bg4 5. Be3 Bxf3 6. gxf3 e6 7. Bxc4 Qf6 8.
e5 (8. Nc3 O-O-O 9. d5 (9. Qe2 Nxd4 10. Bxd4 Qxd4 11. Rd1 Qe5 12. Rxd8+ Kxd8
13. Qd2+ Bd6 14. Nb5 Nf6 $17) 9... Bb4 10. O-O (10. Qb3 $1 exd5 {[#]} 11. Bxd5
$2 (11. exd5 Bxc3+ 12. Qxc3 Qxc3+ 13. bxc3 Ne5 14. Bb3 Nxf3+ 15. Ke2 Ne5 16.
Rhg1 g6 $15 {Line CBM 48-3.e4 Nc6 4.Nf3/ Survey 1995}) 11... Qxf3 12. Rg1 Nge7
$17 {Gurevich,D-Wolff,P/Philadelphia op/1992/ 0-1 (29)}) 10... Bxc3 11. bxc3
Nge7 12. Rb1 exd5 13. Be2 dxe4 14. Qb3 b6 $17 {0-1 Gomez Esteban,J-Magem
Badals,J/San Sebastian op 1993 (19)}) (8. Bb5 Bb4+ (8... Nge7 9. Nd2 O-O-O 10.
Nb3 Nxd4 $1 11. Nxd4 (11. Bxd4 e5 12. Qd3 exd4 13. Rd1 Ng6 $17) 11... e5 12.
Qa4 exd4 13. O-O-O (13. Qxa7 Nc6 14. Bxc6 Qxc6 15. Bg5 Bb4+ 16. Kd1 f6 17. Bf4
Qb5 $17) 13... a6 $1 14. Kb1 (14. Bxd4 Qg5+ 15. Be3 Rxd1+ 16. Rxd1 Qxb5 $19)
14... dxe3 15. Rxd8+ Kxd8 16. Rd1+ Kc8 17. Bxa6 bxa6 (17... Qxa6 $4 18. Qe8#)
18. Qd7+ Kb7 19. Rd3 Nc8 $1 {0-1 Van Wely,L-Magem Badals,J/Las Palmas3 1993})
9. Nc3 (9. Ke2 Nge7 10. Qa4 (10. Nd2 Bxd2 11. Qxd2 O-O-O $132 {0-1 Kishnev,
S-Lazarev,V/BEL-chT9697 1997 (40)}) 10... O-O-O 11. Rd1 Rxd4 12. Bxc6 Nxc6 13.
Bxd4 Nxd4+ 14. Kf1 Bc5 $44 {0-1 Arbakov,V-Ibragimov,I/Biel op MTO 1997 (42)})
9... Nge7 10. f4 (10. h4 O-O-O 11. Bxc6 Nxc6 12. Bg5 Qxd4 13. Bxd8 Bxc3+ 14.
bxc3 Qxc3+ 15. Kf1 Rxd8 $17 {0-1 Taha,M-Nikolic,N/Moscow olm 1994 (32)}) 10...
O-O-O 11. Qa4 Nxd4 12. O-O-O Bxc3 13. Qxa7 Nec6 14. Bxc6 Nxc6 15. Qa8+ Nb8 16.
bxc3 Qxc3+ 17. Kb1 Qb4+ 18. Ka1 {1/2-1/2 Lorscheid,G-Hegeler,F/Krumbach op 1991
}) (8. d5 exd5 9. exd5 O-O-O 10. Nd2 Ne5 11. Bb3 Bb4 $17 {Kouatly,B-Piket,J/
Cannes 60'Team (6)/1992/0-1 (45)}) 8... Qh4 9. Bb5 (9. Nc3 Bb4 10. Qb3 Nge7 11.
O-O-O Bxc3 12. bxc3 O-O 13. Bd3 Nd5 14. Qc2 Nce7 15. Qd2 Nxe3 16. fxe3 c5 $132
{0-1 Behrhorst,F-Levin,F/Nuernberg Weilburg op 1996 (34)}) 9... Bb4+ 10. Nc3
Nge7 11. Qa4 {/\12.0-0-0} (11. a3 Ba5 {[%cal Ya5b6,Ya8d8,Yd8d4,Yb6d4,Yc6d4,
Yh4d4]}) 11... O-O 12. O-O-O Bxc3 (12... a6 13. Bxc6 Nxc6 14. Ne4 Qh5 15. Rhg1
$40) 13. bxc3 Nd5 (13... a6 $5) 14. Qc2 f6 (14... f5 $1) 15. exf6 $6 $146 (15.
Rdg1 Nxe3 (15... fxe5 $5 16. Rg4 Qe7 17. Bh6 Rf7 18. Rhg1 g6 $13) 16. fxe3 fxe5
17. Rg4 Qh6 18. Qe4 $44 {Alburt,L-Speelman,J/London (m/6)/1986/1-0 (36)}) 15...
Rxf6 16. Be2 Nf4 17. Rdg1 {[%cal Gg1g4]} Rg6 $1 (17... Nxe2+ 18. Qxe2 {[%cal
Ge3g5]} Qh5 19. Rg4 Raf8 20. Rhg1 $1 (20. Bg5 Rxf3 21. Qxe6+ Qf7 $15 (21... Kh8
$5 $132)) 20... R8f7 21. Bg5 Rxf3 22. Qxe6 $16 Rxc3+ $140 23. Kb2 {[%cal Ge6e8,
Ge8g8,Ge8h5]} Rh3 24. Rf4 $18) 18. Rxg6 (18. Rg4 Nxe2+ 19. Qxe2 Qh5 {[%cal
Yh5d5]} (19... Qf6 20. Rhg1 Rxg4 21. fxg4 $11) 20. h4 {[%csl Rh5][%cal Ge3g5]}
Rxg4 21. fxg4 Qd5 $15) (18. Rg3 Rf8 $15) 18... hxg6 (18... Nxg6 19. Qe4 Qe7 20.
Bc4 $36) 19. Bc4 (19. Bxf4 $5 Qxf4+ 20. Kb1 Ne7 21. Qe4 Qf5 22. Kb2 c6 $11 {
[%cal Ye7d5,Yd5f4]}) 19... Na5 20. Bb3 (20. Bd3 $1 Nxd3+ 21. Qxd3 Qh5 22. Rg1
Qf5 23. Qe4 (23. Qxf5 gxf5 24. Bf4 (24. Bh6 Kh7) 24... Nc4 25. Bxc7 Rc8 26. Bf4
Kf7 $44) 23... Kf7 24. Rg5 Qxe4 25. fxe4 b6 26. Bf4 $14) 20... Rf8 21. Qe4 Qf6
{[%csl Rf2,Rf3][%cal Yf8f2]} 22. Kc2 Nxb3 23. axb3 Nd5 24. Rg1 {[%csl Re6,Rg6]}
Qxf3 25. Qxe6+ Rf7 $132 {[%csl Rc2]} 26. Bd2 Qxf2 27. Rg5 (27. Qxg6 Qf5+ $11)
27... Ne7 28. h3 Kh7 29. h4 {[%csl Rh7][%cal Gh4h5]} Qf6 (29... Qf3 $5 $15 {
The black have an extra pawn ,but it is very difficult for them to improve
their position.That's why the black deside to repeat position.}) 30. Qe4 Qf3
31. Qe6 Qf6 32. Qe4 Qf3 33. Qe6 1/2-1/2

[Event "ESP-chT"]
[Site "Ponferrada"]
[Date "1997.09.??"]
[Round "7"]
[White "Arencibia Rodriguez, Walter"]
[Black "Illescas Cordoba, Miguel"]
[Result "1-0"]
[WhiteElo "2550"]
[BlackElo "2585"]
[Annotator "Illescas Cordoba,M"]
[PlyCount "79"]
[EventDate "1997.08.29"]
[EventType "team"]
[EventRounds "9"]
[EventCountry "ESP"]
[SourceTitle "CBM 061"]
[Source "ChessBase"]
[SourceDate "1997.11.23"]
[SourceVersion "1"]
[SourceVersionDate "1997.11.23"]
[SourceQuality "1"]

1. d4 d5 2. c4 dxc4 3. e4 Nc6 4. Be3 Nf6 5. f3 e5 6. d5 Ne7 7. Bxc4 a6 8. a4
Ng6 9. Ne2 Bb4+ 10. Nd2 O-O 11. O-O Bd7 12. Nb3 c6 13. dxc6 Bxc6 14. Nc5 Qb6 $6
{[%csl Re3]} 15. Qb3 $8 {[%csl Yb6][%cal Gb3e3]} Qa5 (15... Ba5 16. Nd7 Qxb3
17. Nxf6+ gxf6 18. Bxb3 $16) 16. Nd3 Bd6 17. Bb6 Qd2 18. Rad1 Qg5 19. Nf2 Ne8
20. Bd5 Rc8 21. Be3 Qe7 22. Ng3 $6 {[%csl Rf5]} (22. Bxc6 Rxc6 23. Nc3 $16 {
[%csl Yd5]}) 22... Nh4 $132 {[%csl Yf5,Yg2]} 23. Bxc6 Rxc6 24. Rc1 {[%csl Rf8]}
Rxc1 25. Rxc1 h6 26. Ng4 Kh7 27. Rc8 (27. Bf2 $5 $36) 27... Qd7 28. Ra8 Qc6 $1
$132 {[%cal Yd6c5]} 29. Ra7 Bc5 30. Qxb7 (30. Rxb7 Nd6 31. Rb8 Rxb8 32. Qxb8
Nc4 $44) 30... Bxe3+ $4 $138 (30... Qd6 {[%cal Rc5a7]} 31. Rxa6 Qd2 {[%cal
Rd2g2]} 32. Bf2 Nf6 $1 (32... h5 33. Rc6 $1 hxg4 34. Rxc5 gxf3 35. Nf1 Qe2 36.
Qb5 $16) (32... Bxf2+ 33. Nxf2 Qc1+ 34. Nf1 Qg5 35. Ng4 h5 36. Nge3 Nxf3+ 37.
Kh1 Nd2 38. Qb4 $1 Nxf1 39. Nxf1 $16) 33. Nf1 (33. Qb5 Nxg4 34. Qxc5 Rc8 $19) (
33. Rxf6 gxf6 34. b4 Bxf2+ 35. Nxf2 Qc1+ 36. Nf1 Qb2 37. Ne3 Qc1+ (37... Qa1+
38. Nf1 Qxa4 39. Qe7 $44) 38. Nf1 Qb2 $11) 33... Bxf2+ 34. Nxf2 Qg5 35. g3 (35.
Ng3 $2 Nh5 $1 36. Qd7 Rb8 37. Qg4 Qc1+ 38. Nf1 Nf4 $19) 35... Nxf3+ 36. Kg2 (
36. Kh1 Ng4 37. Kg2 Ne1+ 38. Kg1 Nxf2 39. Kxf2 Nd3+ 40. Kg1 Qg4 $44) 36... Ne1+
37. Kg1 $11) 31. Nxe3 Qc5 (31... Qxa4 $142 $16) 32. Ngf1 $18 Nd6 33. Qc7 Qxc7
34. Rxc7 Rb8 35. Rc6 Ne8 36. Nc4 Rb4 37. a5 f5 38. Nfd2 Nf6 39. b3 fxe4 40.
fxe4 1-0

[Event "Sautron op 11th"]
[Site "Sautron"]
[Date "2011.10.23"]
[Round "5"]
[White "Lagarde, Maxime"]
[Black "Ivanov, Jordan"]
[Result "1/2-1/2"]
[WhiteElo "2452"]
[BlackElo "2402"]
[Annotator "Ivanov,J/Primel,D"]
[PlyCount "76"]
[EventDate "2011.10.22"]
[EventType "swiss"]
[EventRounds "9"]
[EventCountry "FRA"]
[SourceTitle "EXT 2016"]
[Source "ChessBase"]
[SourceDate "2015.10.08"]
[SourceVersion "1"]
[SourceVersionDate "2015.10.08"]
[SourceQuality "1"]
[TimeControl "40/5400+30:1800+30"]
[WhiteClock "1:30:00"]
[BlackClock "1:30:00"]

1. d4 d5 2. c4 dxc4 3. e4 c5 4. d5 Nf6 5. Nc3 b5 6. e5 b4 7. exf6 bxc3 8. bxc3
Nd7 9. Bxc4 exf6 $2 {Ivanov} (9... Nb6) (9... gxf6 10. Ne2 Nb6 11. Nf4 Nxc4 12.
Qa4+ Qd7 13. Qxc4 Rg8 14. O-O Bb7 15. Qe4 f5 16. Qe2 O-O-O 17. c4 e5 18. Nh5
Qd6 19. f4 e4 20. Bb2 Be7 21. Rab1 Qa6 22. Rfe1 Rg6 23. Ng3 Rdg8 24. Qh5 Qxc4
25. Qxf5+ Kd8 26. Be5 Rb6 27. Rxb6 axb6 28. d6 Bxd6 29. Qf6+ Be7 30. Qxb6+ {
1-0 (30) Laurusas,T (2409)-Kizov,A (2413) Warsaw 2013}) 10. Bf4 $146 (10. Nf3
Nb6 11. Bb5+ Bd7 12. Qe2+ Be7 13. d6 O-O 14. dxe7 Re8 15. exd8=Q Raxd8 16. Bxd7
Rxe2+ 17. Kxe2 Rxd7 18. Rd1 {1-0 (18) Maksimenko,A (2520)-Klos,B Dos Hermanas
2004}) 10... Ne5 11. Nf3 Bd6 (11... Nxc4 12. Qa4+ Qd7 (12... Bd7 13. Qxc4) 13.
Qxc4 Bd6 (13... Bb7)) 12. Bxe5 fxe5 13. Bb5+ Bd7 14. a4 O-O 15. Nd2 $1 Rb8 16.
Nc4 {[%cal Gc4d6,Gc4e5]} Bc8 17. O-O Qc7 (17... a6 18. Bc6) 18. Qe2 Bb7 19.
Rfd1 $14 {[%csl Rb7,Gc4,Gd5,Rd6] La paire de B des Noirs manque d'activité}
Rfd8 20. Rab1 Bf8 21. Qxe5 (21. d6 Bxd6 22. Rxd6 Rxd6 23. Qxe5 Rbd8 24. Nxd6)
21... Qxe5 22. Nxe5 Rxd5 23. Rxd5 (23. Re1 Bc8 (23... Rbd8 24. Bc4) 24. Nc6 Rb7
25. Re8 $36 {[%csl Rc8,Ge8,Rf8]}) 23... Bxd5 24. c4 Be6 25. Nc6 Ra8 {[%cal
Ga7a6]} 26. Ba6 Bd7 27. Bb7 Re8 28. a5 $1 {[%csl Ra7][%cal Ga5a6]} Bxc6 29.
Bxc6 Rc8 30. Bd5 {[%csl Rf7][%cal Gb1b7] La présence de B de couleurs
opposées favorise l'initiative Blanche mais il faut garder les R} (30. Bb7 Rb8
31. a6 Bd6 32. Rd1 Rd8 33. g3 Kf8 34. Kg2 Ke7 35. Kf3) 30... Bd6 $1 {[%cal
Gc8b8] Menace Rb8 qui entrainerait une nulle rapide} 31. Rb7 Rb8 $11 32. Bxf7+
Kf8 33. Bd5 Rxb7 34. Bxb7 Ke7 {Ivanov donne un ? à ce coup mais les Noirs ne
sont trop en danger malgré le P de moins} 35. a6 {[%csl Ra7] Fixe la
faiblesse "a7" mais qui est facile à défendre} Kf6 36. f3 g5 37. Kf2 h6 38.
Ke3 Ke5 1/2-1/2

[Event "Horgen CS"]
[Site "Horgen"]
[Date "1994.??.??"]
[Round "1"]
[White "Jussupow, Artur"]
[Black "Miles, Anthony John"]
[Result "1-0"]
[WhiteElo "2655"]
[BlackElo "2600"]
[Annotator "Jussupow,A"]
[PlyCount "73"]
[EventDate "1994.09.??"]
[EventType "tourn"]
[EventRounds "11"]
[EventCountry "SUI"]
[EventCategory "16"]
[SourceTitle "CBM 043"]
[Source "ChessBase"]
[SourceDate "1994.12.01"]
[SourceVersion "1"]
[SourceVersionDate "1994.12.01"]
[SourceQuality "1"]

1. d4 d5 2. c4 dxc4 3. e3 c5 4. Bxc4 cxd4 5. exd4 Qc7 6. Bb3 (6. Be2) 6... Bg4
7. f3 Bd7 8. Ne2 (8. Nc3 e6 9. Nge2 Bd6 10. Ne4 $14 {Gelfand,B-Leko,P/Horgen
CS/1994}) 8... Nf6 9. Nbc3 $146 g6 (9... e6 10. Bf4 $14) 10. Bg5 Bg7 11. Rc1
Qd8 12. O-O O-O (12... Nc6 $5) 13. d5 Na6 14. Kh1 Nc7 $5 (14... Nc5 15. Bc2 $14
) 15. Re1 Nb5 $2 (15... Nce8 $142 16. Ng3 Nd6 17. Rc2 Rc8 18. Rce2 Re8 $14) 16.
Nxb5 Bxb5 17. Nc3 Ba6 18. Qd2 $16 {><e7;ץa6} Qd7 19. Ne4 Nxe4 $6 20. Rxe4 Rfe8
21. Rce1 Bf8 (21... Bf6 22. Bxf6 exf6 23. d6 Rxe4 24. Rxe4 Rd8 25. h3 $18 {
/\Re7}) 22. Bh6 $1 Qd6 (22... Bd3 23. Qxd3 Bxh6 24. Ba4 $18) (22... Bxh6 23.
Qxh6 Qf5 24. Rh4 g5 25. Rg4 $18) 23. Bxf8 Rxf8 (23... Kxf8 24. Qh6+ $18) 24.
Rxe7 $18 Rac8 25. Qd4 {><a7} Rfd8 (25... Qxe7 $4 26. Rxe7 Rc1+ 27. Bd1) 26. h3
Rc1 27. Rxc1 Qxe7 28. Qxa7 Qe5 (28... Qg5 29. Re1 Qd2 30. Qe3 Qxb2 31. Qe7 Rf8
32. d6 $18) 29. Qb6 Rd6 30. Qf2 Bb5 31. Re1 Qf6 32. Qg3 {/\Qe5} Rd8 33. Qc7 Bd7
34. d6 Qh4 (34... Bxh3 35. Bxf7+ Kh8 (35... Kf8 36. Qe7+) (35... Kg7 36. Be6+)
36. Qxd8+ $18) 35. Re4 Qg5 36. Bxf7+ Kf8 (36... Kxf7 37. Re7+ Kf6 38. Qc3+ $18)
(36... Kg7 37. Be6) 37. Be6 1-0